| Tag |
First Indicator |
Second Indicator |
Subfields |
| LEADER |
00000cam a2200000 a 4500 |
| 001 |
in00002385366 |
| 005 |
20151109083723.0 |
| 008 |
070305s2007 onc 000 f eng |
| 016 |
|
|
|a 20079016006
|
| 020 |
|
|
|a 9780385662055
|
| 020 |
|
|
|a 038566205X
|
| 029 |
0 |
|
|a NLC
|b 20079016006
|
| 035 |
|
|
|a (OCoLC)ocm85832875
|
| 035 |
|
|
|a (OCoLC)85832875
|
| 040 |
|
|
|a NLC
|b eng
|c NLC
|d BAKER
|d YDXCP
|d VP@
|d CLU
|d OBE
|d UtOrBLW
|
| 042 |
|
|
|a pcc
|
| 049 |
|
|
|a TXAM
|
| 050 |
|
4 |
|a PR9199.4.N69
|b C66 2007
|
| 055 |
|
0 |
|a PS8627 O94
|b C65 2007
|
| 082 |
0 |
|
|a C813/.6
|2 22
|
| 100 |
1 |
|
|a Novik, Mary,
|d 1945-
|
| 245 |
1 |
0 |
|a Conceit :
|b a novel /
|c Mary Novik.
|
| 264 |
|
1 |
|a Toronto :
|b Doubleday Canada,
|c 2007.
|
| 300 |
|
|
|a 402 pages ;
|c 22 cm.
|
| 336 |
|
|
|a text
|b txt
|2 rdacontent
|
| 337 |
|
|
|a unmediated
|b n
|2 rdamedia
|
| 338 |
|
|
|a volume
|b nc
|2 rdacarrier
|
| 600 |
1 |
0 |
|a Donne, Margaret,
|d 1615-
|v Fiction.
|
| 600 |
1 |
0 |
|a Donne, John,
|d 1572-1631
|x Family
|v Fiction.
|
| 938 |
|
|
|a Baker & Taylor
|b BKTY
|c 55.01
|d 41.26
|i 038566205X
|n 0007098053
|s active
|
| 938 |
|
|
|a YBP Library Services
|b YANK
|n 2635975
|
| 945 |
|
|
|a PromptCat
|b 462577
|
| 946 |
|
|
|a stk
|
| 947 |
|
|
|a A14836704655
|
| 994 |
|
|
|a 92
|b TXA
|
| 948 |
|
|
|a cataloged
|b h
|d 2008/7/23
|h c
|e asalazar
|f 1:34:14 pm
|
| 999 |
|
|
|a MARS
|
| 999 |
f |
f |
|s 9a60aa17-0e18-3a1a-ac03-a85fb9d42811
|i 08f9bc28-6854-304e-b3e4-ba68b7c77df4
|t 0
|
| 952 |
f |
f |
|p normal
|a Texas A&M University
|b College Station
|c Sterling C. Evans Library
|d Evans: Library Stacks
|t 0
|e PR9199.4.N69 C66 2007
|h Library of Congress classification
|i unmediated -- volume
|m A14836704655
|
| 998 |
f |
f |
|a PR9199.4.N69 C66 2007
|t 0
|l Evans: Library Stacks
|